000 01328cam a22003377a 4500
003 CHAP
005 20220329143033.0
008 050930d2002 mx r 00110 spa d
010 _a91031
011 _a92003
020 _a9681659686
035 _a102566
040 _cCHAP
082 0 4 _a572
_bK76Y
100 0 0 _aKrotz, Esteban.
_963972
245 1 3 _aLa otredad cultural entre utopía y ciencia:
_bun estudio sobre el origen, el desarrollo y la reorientación de la antropología
_c/por Esteban Krotz
260 _aMéxico, D. F. :
_bUniversidad AautónomaMetropolitana. Unidad Iztapalapa,
_c2002
300 _a495 p.
500 _aTraducción de: Kulturelle Andersheit zwischen Utopie und Wissenschaft: ein Beitrag zu Genese, Entwicklung und Neuorientierung der Anthropologie.
590 _aBATCH-UPD
_b10
_c20130110
_lUCH01
_h0733
590 _aBATCH-UPD
_b10
_c20130410
_lUCH01
_h0416
590 _aBATCH-UPD
_b10
_c20130914
_lUCH01
_h1710
590 _aCONVERSION
_b10
_c20130109
_lUCH01
_h1350
650 1 4 _aAntropologia.
_96133
650 1 4 _aUtopía.
_9117113
901 _aBK
905 _aMarco Mendoza T.
942 _cLIBRO
949 _a572 K76Y
_bBC
_cLIBRO
_d33724000964912
_eLIBRO
_gI.c/e
_h107326
_i102566
_si
_t$240.00
949 _a572 K76Y
_bBC
_cLIBRO
_d33724000964920
_eLIBRO
_fc.2
_gI.c/e
_h107327
_i102566
_si
_t$240.00
999 _c91031
_d91031